Motivácia a výzvy udržateľného podnikania vo vybranom sektore hospodárstva Slovenskej republiky bakalárska práca

Guardado en:
Detalles Bibliográficos
Autor principal: Mandová, Dominika
Autor Corporativo: Fakulta podnikového manažmentu EU. Katedra podnikovohospodárska
Otros Autores: Barteková, Mária, 1992-
Formato: Libro
Lenguaje:eslovaco
Publicado: Bratislava 2025
Etiquetas: Agregar Etiqueta
Sin Etiquetas, Sea el primero en etiquetar este registro!

MARC

LEADER 00000nbm a2200000 4500
001 0309739
005 20251209124401.2
041 0 |a slo 
044 |a SK 
245 1 0 |a Motivácia a výzvy udržateľného podnikania vo vybranom sektore hospodárstva Slovenskej republiky  |b bakalárska práca  |c Dominika Mandová ; školiteľ: Mária Barteková 
264 1 |a Bratislava  |c 2025 
300 |a 42 s. 
100 1 |a Mandová, Dominika 
700 1 |a Barteková, Mária, 1992- 
710 2 |a Fakulta podnikového manažmentu EU. Katedra podnikovohospodárska